Swatantrata Sangram , Samajwad aur Shri Rambriksh Benipuri (Record no. 1231888)

MARC details
000 -LEADER
fixed length control field 00597nam a2200217Ia 4500
005 - DATE AND TIME OF LATEST TRANSACTION
control field 20241129115746.0
008 - FIXED-LENGTH DATA ELEMENTS--GENERAL INFORMATION
fixed length control field 241129s9999||||xx |||||||||||||| ||und||
020 ## - INTERNATIONAL STANDARD BOOK NUMBER
International Standard Book Number 9788196653415
037 ## - SOURCE OF ACQUISITION
Stock number TB
040 ## - CATALOGING SOURCE
Original cataloging agency SDCL
Language of cataloging eng
Transcribing agency SDCL
041 ## - LANGUAGE CODE
Language code of text/sound track or separate title hin
Source of code hin
084 ## - COLON CLASSIFICATION NUMBER
Classification number W691y7M71 R3
Assigning agency SDCL
100 ## - MAIN ENTRY--PERSONAL NAME
Personal name Puri Ajit Kumar
9 (RLIN) 728284
245 #0 - TITLE STATEMENT
Title Swatantrata Sangram , Samajwad aur Shri Rambriksh Benipuri
260 ## - PUBLICATION, DISTRIBUTION, ETC.
Place of publication, distribution, etc. Delhi
Name of publisher, distributor, etc. Hans Prakashan India
Date of publication, distribution, etc. 2023
300 ## - PHYSICAL DESCRIPTION
Extent 264p.
365 ## - TRADE PRICE
Price type code INR
Price amount 695
650 ## - SUBJECT ADDED ENTRY--TOPICAL TERM
Topical term or geographic name entry element Hindi
942 ## - ADDED ENTRY ELEMENTS (KOHA)
Koha item type Textbook
Classification part W691y7M71 R3
Holdings
Withdrawn status Lost status Source of classification or shelving scheme Damaged status Not for loan Home library Current library Date acquired Source of acquisition Cost, normal purchase price Total Checkouts Full call number Barcode Date last seen Price effective from Koha item type
    Colon Classification (CC)     South Campus Library South Campus Library 2024-11-29 Shivalik Parkashan 695.00   W691y7M71 R3 SC1627896 2024-11-29 2024-11-29 Textbook
Copyright @ Delhi University Library System